| 000 | 00619nam a22002417a 4500 | ||
|---|---|---|---|
| 003 | UA-OsUOA | ||
| 001 | 29896 | ||
| 007 | ta | ||
| 008 | 20041101b un ||||| |||| 00| 0 ukr d | ||
| 100 | _aПанкова Л.Г. | ||
| 090 |
_a82.09 _bП16 |
||
| 942 | _cBK | ||
| 040 |
_aUA-OsUOA _bukr _cUA-OsUOA _dUA-OsUOA |
||
| 245 |
_aДжон Рід _bжиття і творчість |
||
| 300 | _a110 с. | ||
| 955 | _a4 | ||
| 041 | _aukr | ||
| 080 | _a82.09 | ||
| 260 |
_aКиїв _bДніпро _c1977 |
||
| 044 | _aUA | ||
| 650 | 7 |
_a82 Література. Літературознавство _2UDC |
|
| 999 |
_c316295 _d316295 |
||